[Event "Davos op 11th"]
[Site "Davos"]
[Date "2013.08.10"]
[Round "5"]
[White "Adzic, Slobodan"]
[Black "Ferrari, Gabriele"]
[Result "1-0"]
[WhiteElo "2142"]
[BlackElo "1838"]
[PlyCount "79"]
[EventDate "2013.08.06"]
[EventType "swiss"]
[EventRounds "5"]
[EventCountry "SUI"]
[SourceTitle "CBM 155 Extra"]
[Source "ChessBase"]
[SourceDate "2013.08.26"]
[SourceVersion "1"]
[SourceVersionDate "2013.08.26"]
[SourceQuality "1"]

1. g3 Nf6 2. Bg2 d5 3. c4 e6 4. Nf3 Nbd7 5. b3 c5 6. 0-0 Be7 7. cxd5 exd5 8. d4 b6 9. Nc3 Bb7 10. Bb2 0-0 11. Rc1 Rb8 12. Qd3 Qc8 13. Ne5 Re8 14. Nxd7 Qxd7 15. Rfd1 Rbc8 16. e3 Rc7 17. dxc5 bxc5 18. Nb5 Ba6 19. a4 d4 20. exd4 Bxb5 21. Qxb5 cxd4 22. Rxc7 Qxc7 23. Rxd4 Rb8 24. Qd3 Qb6 25. Rc4 Bc5 26. Qf5 Bf8 27. Rc6 Qxb3 28. Bxf6 Qd1+ 29. Bf1 Rb1 30. Qh3 gxf6 31. Rc4 Ra1 32. Qg4+ Qxg4 33. Rxg4+ Bg7 34. Kg2 Kf8 35. Bb5 Rc1 36. Rd4 Rc7 37. Rd8+ Ke7 38. Re8+ Kd6 39. Rg8 Bh6 40. Rh8 1-0

[Event "Davos op 11th"]
[Site "Davos"]
[Date "2013.08.09"]
[Round "4"]
[White "Ferrari, Gabriele"]
[Black "Arntsen, Frode"]
[Result "1-0"]
[WhiteElo "1838"]
[BlackElo "1800"]
[PlyCount "89"]
[EventDate "2013.08.06"]
[EventType "swiss"]
[EventRounds "5"]
[EventCountry "SUI"]
[SourceTitle "CBM 155 Extra"]
[Source "ChessBase"]
[SourceDate "2013.08.26"]
[SourceVersion "1"]
[SourceVersionDate "2013.08.26"]
[SourceQuality "1"]

1. e4 d5 2. exd5 Qxd5 3. Nc3 Qd6 4. d4 Nf6 5. Nf3 c6 6. Be2 Bf5 7. 0-0 e6 8. Bg5 Nbd7 9. Qd2 Qc7 10. Rfe1 0-0-0 11. Bf4 Bd6 12. Bxd6 Qxd6 13. Bf1 Nb6 14. a4 Nbd5 15. Nxd5 Nxd5 16. c4 Nc7 17. Qc3 f6 18. Red1 Qf4 19. g3 Qg4 20. Bg2 Rd7 21. b4 Rhd8 22. h3 Qg5 23. b5 c5 24. d5 Qh6 25. Nh4 Qg5 26. a5 Bg6 27. b6 axb6 28. axb6 Na6 29. Qa5 Rd6 30. Qb5 Be8 31. Qb3 Nb4 32. Ra8+ Kd7 33. dxe6+ Ke7 34. Rxd8 Rxd8 35. Rxd8 Kxd8 36. Bxb7 Qe5 37. Qd1+ Ke7 38. Qg4 Qe1+ 39. Kg2 g6 40. Nf3 Qe2 41. Bd5 Nd3 42. Nh4 Qxf2+ 43. Kh1 Qb2 44. Nf5+ gxf5 45. Qg7+ 1-0